000 00306nam a22001337a 4500
008 170731b xxu||||| |||| 00| 0 eng d
020 _a9780023887253
041 _aeng
080 _a004
100 _a32
101 _aSHK
245 _aC++ AN INTRODUCTION TO DATA STRUCTURES
_cNYHOFF,L
942 _2udc
_cBK
999 _c22202
_d22202